Sports Quiz

Random Sports or NHL Quiz

Stanley Cup Winning Goal Scorers Quiz Stats

Quiz not verified by Sporcle

Challenge
Share
Tweet
Embed
Score 0/67 Timer 15:00
0 Plays Today
Year Player % Correct
2005No Season (Lockout)
100%
2010Patrick Kane
98.1%
1988Wayne Gretzky
83%
1994Mark Messier
81.1%
1999Brett Hull
75.5%
1971Henri Richard
73.6%
1966Henri Richard
73.6%
1956Maurice Richard
73.6%
1976Guy Lafleur
71.7%
2011Patrice Bergeron
69.8%
1972Bobby Orr
69.8%
1970Bobby Orr
69.8%
2008Henrik Zetterberg
66%
1983Mike Bossy
66%
1982Mike Bossy
66%
2013Dave Bolland
64.2%
2009Maxime Talbot
64.2%
1985Paul Coffey
62.3%
2002Brendan Shanahan
60.4%
1987Jari Kurri
60.4%
1996Uwe Krupp
56.6%
2012Jeff Carter
54.7%
1992Ron Francis
54.7%
1980Bob Nystrom
50.9%
1955Gordie Howe
49.1%
1961Ab McDonald
47.2%
2004Ruslan Fedotenko
45.3%
1965Jean Beliveau
45.3%
1960Jean Beliveau
45.3%
2000Jason Arnott
41.5%
2001Alex Tanguay
39.6%
1986Bobby Smith
37.7%
1977Jacques Lemaire
37.7%
1973Yvan Cournoyer
37.7%
Year Player % Correct
1958Bernie Geoffrion
28.3%
1993Kirk Muller
26.4%
1989Doug Gilmour
26.4%
1997Darren McCarty
24.5%
2006Frantisek Kaberle
22.6%
2003Mike Rupp
22.6%
1998Martin Lapointe
22.6%
1957Dickie Moore
22.6%
1990Craig Simpson
20.8%
1975Bob Kelly
20.8%
2007Travis Moen
18.9%
1991Ulf Samuelsson
18.9%
1978Mario Tremblay
18.9%
1974Rick Macleish
18.9%
1968JC Tremblay
18.9%
1947Ted Kennedy
18.9%
1953Elmer Lach
15.1%
1951Bill Barilko
15.1%
1979Yvom Lambert
13.2%
1995Neal Broten
11.3%
1962Dick Duff
7.5%
1984Ken Linseman
5.7%
1964Andy Bathgate
5.7%
1969John Ferguson
3.8%
1963Eddie Shack
3.8%
1950Pete Babando
3.8%
1967Jim Pappin
1.9%
1949Cal Gardner
1.9%
1948Harry Watson
1.9%
1981Wayne Merick
0%
1959Marcel Bonin
0%
1954Tony Leswick
0%
1952Metro Prystai
0%

You're not logged in!

Compare scores with friends on all Sporcle quizzes.
Sign Up with Email
OR
Log In

You Might Also Like...

Show Comments

Extras

Top Quizzes Today


Score Distribution

Your Account Isn't Verified!

In order to create a playlist on Sporcle, you need to verify the email address you used during registration. Go to your Sporcle Settings to finish the process.

Report this User

Report this user for behavior that violates our Community Guidelines.

Details: